000 00339nam a22001457a 4500
020 _a978-1-292-03909-1
082 _a519.5
100 _aFreud, John E.
245 _aModern Elementary Statistics
250 _a12th
260 _aHarlow:
_bPearson,
_c2014
300 _a536p.: ill.; 28cm
700 _aPerles, Benjamin M.
942 _cBK
999 _c22183
_d22183